00604nam a2200181Ia 4500001000700000003000500007008004100012010001100053040000900064100002200073245009700095260004400192300001100236502008800247650002600335650003000361650003100391Z_1385CHAP220113s1976 xx 000 0 und d a164474 cCHAP aDorn, Cecilia Ann aField wilted compared to direct cut dehydrated alfalfa for ruminants /cby Cecilia Ann Dorn aLincoln, Nebraska :bThe author,c1976 a100 h. aThesis (Master of Science) -- University of Nebraska : Department of Animal Science aAlfalfa como forraje  aAlfalfaxDeshidratación aRumiantesxAlimentación